| 000 | 00329 a2200133 4500 | ||
|---|---|---|---|
| 999 |
_c321117 _d321117 |
||
| 001 | 86044 | ||
| 003 | NUST | ||
| 005 | 20180124102754.0 | ||
| 008 | 180122b xxu||||| |||| 00| 0 eng d | ||
| 082 | _a956.7043 WAT | ||
| 100 |
_aBrauce W.Watson _99410 |
||
| 245 | _aMilitary Lessons of the Gulf War | ||
| 260 |
_aLahore _bIzharsons printers _c1992 |
||
| 300 | _a272p. | ||
| 500 | _aPAF Book Club | ||
| 942 |
_aNUST-CAE _cBK _k956.7043 WAT _2ddc |
||